000 00468nam a2200205Ia 4500
005 20250425162052.0
008 250425s9999 xx 000 0 und d
041 _aspa
082 _a631.23
100 _aREIMBERT, MARCEL
245 0 _aSILOS: TEORIA Y PRACTICA
250 _a1A ED.
260 _aArgentina
_bAMERICALEE
_c1979
260 _aBUENOS AIRES
300 _a463
650 _aSILOS
700 _aREIMBERT, ANDRES
942 _c01
010 _a46384
999 _c221724
_d221724